Transformation de Fourier et théorie des distributions /
Guardado en:
| Autor Principal: | |
|---|---|
| Otros Autores: | |
| Formato: | Libro |
| Idioma: | French |
| Publicado: |
Paris :
Dunod,
1961.
|
| Etiquetas: |
Agregar Etiqueta
Sin Etiquetas, Sea el primero en etiquetar este registro!
|
| LEADER | 00504nam a22001575a 4500 | ||
|---|---|---|---|
| 001 | MAT.inmabb001474 | ||
| 008 | 031124s1961####fr############000#0#fre#d | ||
| 005 | 20130315140556.0 | ||
| 245 | 1 | 0 | |a Transformation de Fourier et théorie des distributions / |c par J. Arsac ; préface de A. Danjon. |
| 260 | |a Paris : |b Dunod, |c 1961. | ||
| 300 | |a xv, 347 p. ; |c 25 cm. | ||
| 510 | 4 | |a MR, |c 25 #5376 | |
| 100 | 1 | |a Arsac, J. | |
| 700 | 1 | |a Danjon, A. |4 aui | |
| 084 | |a 42-01 (46Fxx) |2 msc2000 | ||
| 859 | |h 42 |i Ar781 |p A-1786 |b BIB. MATEMATICA | ||
